| 000 | 01535nam0a2200385 4500 | ||
|---|---|---|---|
| 001 | RU\NLR\BIBL_A\011099602 | ||
| 005 | 20260409080716.0 | ||
| 010 | _a978-5-386-09240-5 | ||
| 021 |
_aRU _b2016-23426 _91483 |
||
| 035 | _a(NILC)RuMoRGB-008256324 | ||
| 035 | _a(NLR Aleph) 011099602 | ||
| 090 |
_a11412744 _c11412744 |
||
| 100 | _a20160411d2016 |||y0rusy50 ca | ||
| 101 | 1 |
_arus _asan _csan |
|
| 102 | _aRU | ||
| 105 | _aah||w|||001yy | ||
| 200 | 1 |
_aБхагавадгита _e[пер. с санскрита Д. Бурбы] |
|
| 210 |
_aМосква _cРИПОЛ классик _d2016 |
||
| 215 |
_a558 с. _cил., факс. _d24 |
||
| 225 | 1 | _aПодарочная полка | |
| 300 | _aТекст на рус. яз. и санскрите | ||
| 320 | _aБиблиогр.: с. 557-558 и в тксте примеч.: с. 363-520 | ||
| 320 | _aАлф. указ.: с. 527-544 | ||
| 500 |
_aМахабхарата _iБхагавадгита _3RU\NLR\AUTH\559115 _92631163 |
||
| 605 |
_a"Бхагавадгита" _lфилософско-литературный памятник санскритской литературы _91216652 _3RU\NLR\AUTH\66176201 |
||
| 686 | 1 | _aЮ3(5Ид)3-203 | |
| 686 | 2 | _aЭ331-260.9 | |
| 702 | 1 |
_aБурба _bД. В. _gДмитрий Викторович _4730 |
|
| 801 | 0 |
_aRU _bРГБ _c20160324 _gRCR |
|
| 942 | _cBOOK | ||
| 980 | _aNB | ||